• 首页
  • 本馆介绍
  • 公告通知
  • 最新文献
  • 馆藏检索
  • 电子资源
  • 读者导购
  • 参考咨询
  • 我的图书馆
  • 登录
  • 详细信息显示
  • 放入我的书架
  • 预约/预借图书
  • 作者相关作品
  • 分类相关作品
  • 丛书相关作品
  • 出版社相关作品

书目信息

  • 表格格式
  • 工作单格式
  • 卡片格式
题名:
山河岁月
    
 
作者: 胡兰成 著
分册:  
出版信息: 北京   中国长安出版社  2012
页数: 274页
开本: 20cm
丛书名:
单 册:
中图分类: K103-53
科图分类:
主题词: 世界史:通史
电子资源:
ISBN: 978-7-5107-0550-2
000 00536nam0 2200181 450
001 2657095344
005 20260414155222.23
010    @a978-7-5107-0550-2@dCNY32.00
100    @a20181207d km y0chiy0120 ea
101 0  @achi
200 1  @a山河岁月@Ashan he sui yue@f胡兰成著@Fhu lan cheng zhu
210    @a北京@c中国长安出版社@d2012
215    @a274页@d20cm
606 0  @a世界史:通史
690    @aK103-53@v4
701  0 @a胡兰成@Ahu lan cheng@4著
801  0 @aCN@b大连网信软件有限公司图书馆·11@c20260414
905    @b7905011@dK103-53@e413@f1
    
    山河岁月/胡兰成著.-北京:中国长安出版社,2012
    274页;20cm
    
    
    ISBN 978-7-5107-0550-2:CNY32.00
    
●
相关链接 在E读中查询图书 在五车中查询图书 在当当中查询图书 在豆瓣中查询图书


正题名:山河岁月     索取号:K103-53/413         预约/预借

序号 登录号 条形码 馆藏地/架位号 状态 备注
1 1442614   214426147   第二样本阅览室/ [索取号:K103-53/413] 在馆    
唐山师范学院图书馆 欢迎您!
大连网信软件有限公司© 版权所有